banner-ar

تفسيرالنسائى للامام احمد بن شعيب بن على النسائى صاحب السنن المتوفى - 303 هـ ج1 / (Record no. 55669)

MARC details
000 -الفاتح
حقل البيانات ثابتة الطول 00798nam a2200181Ia 4500
005 - وقت وتاريخ اخر تعامل مع التسجيلة
رقم الضبط 20240530105411.0
008 - عناصر البيانات ثابتة الطول - معلومات عامة
حقل البيانات ثابتة الطول 140319s9999 xx 000 0 ara d
040 ## - مصدر الفهرسة
وكالة الفهرسة الأصلية GCL /
وكالة النسخ GCL
082 04 - رقم تصنيف ديوى العشرى
رقم التصنيف 227
رقم المادة ن ت
100 1# - المدخل الرئيسى - إسم شخصى
الإسم الشخصى صبرى بن عبدالخالق
245 10 - بيان العنوان
العنوان تفسيرالنسائى للامام احمد بن شعيب بن على النسائى صاحب السنن المتوفى - 303 هـ ج1 /
بيان المسئوليه,etc صبرى بن عبدالخالق
260 ## - PUBLICATION, DISTRIBUTION, ETC. (IMPRINT)
تاريخ النشر أو التوزيع 1990
650 04 - المدخل الاضافى بالموضوع-مصطلح موضوعى
مصطلح موضوعي تفسير القران الكريم
700 1# - المدخل الاضافى - اسم شخصى
الإسم الشخصى سيد بن عباس الجليمى (تحقيق)
700 1# - المدخل الاضافى - اسم شخصى
الإسم الشخصى النسائى : ابو عبدالرحمن احمد بن على بن شعيب على بن سنان سن عمر بن بن دينار
942 ## - عناصر المدخل الإضافي( كوها)
مصدر التصنيف او مخطط الترفيف Dewey Decimal Classification
Koha [default] item type كتاب
260 ## - PUBLICATION, DISTRIBUTION, ETC. (IMPRINT)
-- [S.N] :
-- مكتبة الشباب ،
Holdings
حالة التراجع حالة الفقد حالة تلف ليس للاعارة المكان المؤقت الموقع الحالى تاريخ الاكتساب اجمالي اﻻعارات رقم الطلب الباركود تاريخ اخر مشاهدة تاريخ تفعيل السعر نوع وعاء كوها
        مكتبة القاهرة الكبرى مكتبة القاهرة الكبرى 03/26/2014   227\ن ت 133684 03/26/2014 03/26/2014 كتاب
        مكتبة القاهرة الكبرى مكتبة القاهرة الكبرى 03/26/2014   227\ن ت 133685 03/26/2014 03/26/2014 كتاب

Powered By

EGPV